[Event "FIDE WCC Blitz Women 2019"]
[Site "Moscow"]
[Date "2019.12.30"]
[Round "11.22"]
[White "Balaian, Alina"]
[Black "Mammadzada, Gunay"]
[Result "1-0"]
[WhiteElo "2173"]
[BlackElo "2314"]
[Annotator "NA"]
[PlyCount "109"]
[EventDate "2019.12.29"]
[EventType "swiss"]
[EventCountry "RUS"]
[SourceTitle "playchess.com"]
[Source "ChessBase"]
[SourceQuality "1"]

1. e4 c5 2. Nc3 d6 3. g3 g6 4. d3 Bg7 5. Be3 Nc6 6. Qd2 Nd4 7. Nd1 Bg4 8. Bg2 h5 9. c3 Nc6 10. h3 Bd7 11. f4 h4 12. g4 f5 13. exf5 gxf5 14. g5 e6 15. Nf3 Nge7 16. O-O Ng6 17. d4 cxd4 18. Nxd4 Nxd4 19. Bxd4 e5 20. fxe5 dxe5 21. Bc5 Qc7 22. Qd6 Qxd6 23. Bxd6 Kf7 24. Bd5+ Ke8 25. Bxb7 Rd8 26. Bc7 Ke7 27. Bxd8+ Rxd8 28. Ne3 Rb8 29. Bg2 f4 30. Nd5+ Kf7 31. b4 Ne7 32. Rad1 Nf5 33. Nxf4 exf4 34. Rxd7+ Ke6 35. Rxa7 Bxc3 36. Ra6+ Ke5 37. Ra5+ Ke6 38. Rxf4 Ng3 39. Bd5+ Ke5 40. Rf7 Bxb4 41. Ra8 Bc5+ 42. Kg2 Rb2+ 43. Kf3 Kxd5 44. Rd8+ Kc4 45. Rf4+ Kc3 46. Rc8 Rf2+ 47. Kg4 Rxf4+ 48. Kxf4 Kb4 49. Kg4 Be7 50. Kxh4 Ne4 51. Rg8 Ka3 52. Kh5 Kxa2 53. h4 Kb3 54. Re8 Ng3+ 55. Kg4 1-0

[Event "FIDE WCC Blitz Women 2019"]
[Site "Moscow"]
[Date "2019.12.30"]
[Round "11.23"]
[White "Kovalevskaya, Ekaterina"]
[Black "Injac, Teodora"]
[Result "1/2-1/2"]
[WhiteElo "2286"]
[BlackElo "2236"]
[Annotator "NA"]
[PlyCount "91"]
[EventDate "2019.12.29"]
[EventType "swiss"]
[EventCountry "RUS"]
[SourceTitle "playchess.com"]
[Source "ChessBase"]
[SourceQuality "1"]

1. e4 e6 2. d4 d5 3. Nc3 Nf6 4. Bd3 c5 5. exd5 exd5 6. dxc5 Bxc5 7. Nf3 O-O 8. O-O h6 9. h3 Nc6 10. Bf4 a6 11. Qd2 Re8 12. Rae1 Be6 13. a3 Nh5 14. Bh2 Qf6 15. Ne5 g5 16. Ng4 Qg7 17. Be2 Rad8 18. Bd1 Nf6 19. Nxf6+ Qxf6 20. Bg4 Bd4 21. Bxe6 fxe6 22. Qd3 Rf8 23. Re2 Bxc3 24. bxc3 e5 25. Qd2 e4 26. Qe3 Ne5 27. a4 Nc4 28. Qd4 Qxd4 29. cxd4 Rf6 30. Rb1 Rd7 31. c3 Rc6 32. f3 exf3 33. gxf3 Kf7 34. Rbe1 Rb6 35. Re8 Rb3 36. Rh8 Kg7 37. Ree8 Rb1+ 38. Kg2 Rb2+ 39. Kg3 Rf7 40. Rhg8+ Kf6 41. Rh8 Kg7 42. Rhg8+ Kf6 43. Rh8 Kg7 44. Rhg8+ Kf6 45. Rh8 Kg7 46. Rhg8+ 1/2-1/2

[Event "FIDE WCC Blitz Women 2019"]
[Site "Moscow"]
[Date "2019.12.30"]
[Round "11.24"]
[White "Munkhzul, Turmunkh"]
[Black "Maltsevskaya, Aleksandra"]
[Result "0-1"]
[WhiteElo "2139"]
[BlackElo "2280"]
[Annotator "NA"]
[PlyCount "66"]
[EventDate "2019.12.29"]
[EventType "swiss"]
[EventCountry "RUS"]
[SourceTitle "playchess.com"]
[Source "ChessBase"]
[SourceQuality "1"]

1. e4 c5 2. Nf3 e6 3. d4 cxd4 4. Nxd4 Nc6 5. Nc3 a6 6. Be3 Nf6 7. f3 d5 8. exd5 exd5 9. Be2 Bb4 10. O-O O-O 11. Nxc6 bxc6 12. a3 Bd6 13. Qd2 h6 14. Rfe1 Rb8 15. Rab1 Qc7 16. g3 Re8 17. Bf1 Bb7 18. Bf2 c5 19. Bg2 d4 20. Ne4 Nxe4 21. fxe4 Re7 22. Re2 Rbe8 23. Rbe1 Bc6 24. c4 Qb7 25. Qd3 f5 26. e5 Bxg2 27. exd6 Bh3 28. Bxd4 Rxe2 29. Rxe2 Rxe2 30. Qxe2 cxd4 31. c5 d3 32. Qd2 Qf3 33. Qf2 Qd1+ 0-1

[Event "FIDE WCC Blitz Women 2019"]
[Site "Moscow"]
[Date "2019.12.30"]
[Round "11.25"]
[White "Nebolsina, Vera"]
[Black "Doluhanova, Evgeniya"]
[Result "1/2-1/2"]
[WhiteElo "2252"]
[BlackElo "2222"]
[Annotator "NA"]
[PlyCount "69"]
[EventDate "2019.12.29"]
[EventType "swiss"]
[EventCountry "RUS"]
[SourceTitle "playchess.com"]
[Source "ChessBase"]
[SourceQuality "1"]

1. e4 e5 2. Nf3 Nc6 3. Bb5 Nf6 4. O-O Nxe4 5. Re1 Nd6 6. Nxe5 Nxe5 7. Rxe5+ Be7 8. Bf1 O-O 9. d4 Ne8 10. Re1 d5 11. Bf4 Bf5 12. c3 Bg5 13. Qc1 Bxf4 14. Qxf4 Nd6 15. Nd2 Qf6 16. Qe5 Qxe5 17. dxe5 Ne4 18. Nxe4 dxe4 19. g4 Bxg4 20. Rxe4 Be6 21. Bc4 Rfe8 22. Bxe6 Rxe6 23. Rd1 Rae8 24. Rd7 R6e7 25. Red4 g5 26. Kg2 Kg7 27. h4 h6 28. hxg5 hxg5 29. f4 gxf4 30. Kf3 c5 31. Rxe7 Rxe7 32. Rd5 b6 33. Kxf4 Re6 34. Rd7 a6 35. c4 1/2-1/2

[Event "FIDE WCC Blitz Women 2019"]
[Site "Moscow"]
[Date "2019.12.30"]
[Round "11.26"]
[White "Matveeva, Svetlana"]
[Black "Goltseva, Ekaterina"]
[Result "0-1"]
[WhiteElo "2239"]
[BlackElo "2143"]
[Annotator "NA"]
[PlyCount "70"]
[EventDate "2019.12.29"]
[EventType "swiss"]
[EventCountry "RUS"]
[SourceTitle "playchess.com"]
[Source "ChessBase"]
[SourceQuality "1"]

1. d4 Nf6 2. c4 e6 3. Nc3 Bb4 4. Qc2 O-O 5. a3 Bxc3+ 6. Qxc3 d5 7. Nf3 dxc4 8. Qxc4 b6 9. Bg5 Ba6 10. Qa4 Qd7 11. Qxd7 Nbxd7 12. g3 c5 13. Bg2 Rac8 14. Rd1 h6 15. Bf4 cxd4 16. Bd6 Rc2 17. Nxd4 Rxb2 18. Bxf8 Kxf8 19. O-O e5 20. Nc6 Bxe2 21. Rfe1 Bxd1 22. Rxd1 a5 23. Bh3 Rc2 24. Nb8 Nxb8 25. Rd8+ Ke7 26. Rxb8 Nd5 27. Rb7+ Kf6 28. Bg2 Rc1+ 29. Bf1 e4 30. Kg2 e3 31. Bd3 Rc3 32. Bb5 Rxa3 33. Bc6 e2 34. Bxd5 e1=Q 35. Rxf7+ Kg6 0-1

[Event "FIDE WCC Blitz Women 2019"]
[Site "Moscow"]
[Date "2019.12.30"]
[Round "11.27"]
[White "Garifullina, Leya"]
[Black "Fominykh, Maria"]
[Result "1-0"]
[WhiteElo "2267"]
[BlackElo "2055"]
[Annotator "NA"]
[PlyCount "134"]
[EventDate "2019.12.29"]
[EventType "swiss"]
[EventCountry "RUS"]
[SourceTitle "playchess.com"]
[Source "ChessBase"]
[SourceQuality "1"]

1. e4 e6 2. d4 d5 3. Nc3 Nf6 4. Bg5 dxe4 5. Nxe4 Be7 6. Bxf6 gxf6 7. Nf3 f5 8. Nc3 a6 9. Qd2 b5 10. O-O-O b4 11. Ne2 Qd5 12. Kb1 Nd7 13. Nf4 Qa5 14. Bc4 Bb7 15. Rhe1 Nb6 16. Bb3 Nd5 17. Nxd5 Bxd5 18. Bxd5 Qxd5 19. Re5 Qd6 20. d5 Bf6 21. Ree1 e5 22. Nxe5 Bxe5 23. f4 f6 24. fxe5 fxe5 25. Qf4 O-O-O 26. Qxf5+ Kb8 27. Qxe5 Qg6 28. Qe4 Qb6 29. Qd4 Qb5 30. d6 cxd6 31. Re7 Qc5 32. Qe4 d5 33. Qe5+ Qd6 34. Qg7 Qc6 35. Qd4 Kc8 36. Qxb4 Rd7 37. Rxd7 Kxd7 38. Qd4 Rg8 39. Qxd5+ Qxd5 40. Rxd5+ Kc6 41. Rd2 Rf8 42. c3 Rf1+ 43. Kc2 Kc5 44. b3 a5 45. Kb2 h5 46. g3 Rh1 47. a3 Kc6 48. b4 axb4 49. axb4 Kb6 50. Kb3 Kc6 51. Kc4 h4 52. gxh4 Rg1 53. h3 Rg8 54. Rd4 Rg3 55. b5+ Kb6 56. Rd6+ Kb7 57. Rh6 Rxh3 58. Rh8 Rg3 59. Kb4 Rg1 60. h5 Kc7 61. h6 Rg4+ 62. c4 Rh4 63. h7 Kb7 64. Kc3 Kb6 65. Rb8+ Kc5 66. h8=Q Rxc4+ 67. Kd2 Kd5 1-0

[Event "FIDE WCC Blitz Women 2019"]
[Site "Moscow"]
[Date "2019.12.30"]
[Round "11.28"]
[White "Osmak, Iulija"]
[Black "Khademalsharieh, Sarasadat"]
[Result "0-1"]
[WhiteElo "2242"]
[BlackElo "2463"]
[Annotator "ChessBase"]
[PlyCount "54"]
[EventDate "2019.12.29"]
[EventType "swiss"]
[EventCountry "RUS"]
[SourceTitle "playchess.com"]
[Source "ChessBase"]
[SourceQuality "1"]

1. b4 Nf6 2. Bb2 g6 3. e3 Bg7 4. Nf3 O-O 5. Be2 d6 6. O-O b6 7. c4 c5 8. b5 a6 9. a4 Bb7 10. Nc3 Nbd7 11. d4 d5 12. Qb3 axb5 13. axb5 e6 14. Na4 Ne4 15. Rfd1 Qc7 16. Nd2 Nxd2 17. Rxd2 cxd4 18. Bxd4 Bxd4 19. exd4 dxc4 20. Bxc4 Nf6 21. Rdd1 Nd5 22. Rac1 Nf4 23. Bf1 Qd6 24. g3 Rxa4 25. Qxa4 Qd5 26. f3 Qxf3 27. gxf4 Qe3# 0-1

[Event "FIDE WCC Blitz Women 2019"]
[Site "Moscow"]
[Date "2019.12.30"]
[Round "11.29"]
[White "Hejazipour, Mitra"]
[Black "Cramling, Pia"]
[Result "1-0"]
[WhiteElo "2191"]
[BlackElo "2383"]
[Annotator "NA"]
[PlyCount "127"]
[EventDate "2019.12.29"]
[EventType "swiss"]
[EventCountry "RUS"]
[SourceTitle "playchess.com"]
[Source "ChessBase"]
[SourceQuality "1"]

1. Nf3 c5 2. c4 Nc6 3. Nc3 Nf6 4. e3 e6 5. d4 d5 6. cxd5 exd5 7. Be2 cxd4 8. Nxd4 Bd6 9. O-O O-O 10. b3 Re8 11. Bb2 a6 12. Nf3 Bc7 13. Rc1 Qd6 14. g3 Bh3 15. Re1 Rad8 16. Nd4 Ne5 17. Bf1 Bg4 18. Be2 Qd7 19. Bxg4 Nexg4 20. Kg2 Ne4 21. Nxe4 Rxe4 22. h3 Nf6 23. Nf3 Re6 24. Ng5 Rc6 25. Qd3 d4 26. Bxd4 Rxc1 27. Rxc1 Qd5+ 28. Nf3 Bb6 29. Rc4 Ba7 30. Qc2 Bb8 31. Bxf6 gxf6 32. Rd4 Qa5 33. Qd3 Rxd4 34. Qxd4 Be5 35. Nxe5 fxe5 36. Qg4+ Kf8 37. Qc8+ Kg7 38. Qxb7 Qxa2 39. Qd5 Qb2 40. Qc4 a5 41. h4 h6 42. Qg4+ Kf8 43. Qa4 Qc3 44. Qb5 Kg7 45. Qb7 Kf8 46. Qb5 Kg7 47. Kf3 Kf6 48. Qb6+ Kg7 49. h5 Kh7 50. Qb7 Kg7 51. Qd5 Kg8 52. g4 Kg7 53. Qb5 Kg8 54. Qb6 Kg7 55. Kg3 Kh7 56. Qb5 Kg7 57. Qd5 Kg8 58. Kf3 Kg7 59. Ke4 Qc2+ 60. Qd3 Qc5 61. Qc4 Qxc4+ 62. bxc4 a4 63. Kd3 Kf6 64. Kc3 1-0

[Event "FIDE WCC Blitz Women 2019"]
[Site "Moscow"]
[Date "2019.12.30"]
[Round "11.30"]
[White "Mamedjarova, Zeinab"]
[Black "Dordzhieva, Dinara"]
[Result "0-1"]
[WhiteElo "2325"]
[BlackElo "2222"]
[Annotator "NA"]
[PlyCount "100"]
[EventDate "2019.12.29"]
[EventType "swiss"]
[EventCountry "RUS"]
[SourceTitle "playchess.com"]
[Source "ChessBase"]
[SourceQuality "1"]

1. d4 Nf6 2. Nf3 d5 3. e3 c5 4. Bd3 Bg4 5. h3 Bh5 6. Nbd2 Nc6 7. c3 e6 8. O-O Bd6 9. Qe2 O-O 10. dxc5 Bxc5 11. e4 Bg6 12. e5 Bxd3 13. Qxd3 Nd7 14. Re1 Qc7 15. Qe2 h6 16. Nb3 Be7 17. Bf4 Rac8 18. Nbd4 Nxd4 19. Nxd4 Nc5 20. Nb5 Qb6 21. Be3 a6 22. Nd4 Qc7 23. Bf4 Ne4 24. Qg4 Kh8 25. f3 Nc5 26. Rad1 Qb6 27. Re2 a5 28. Kh1 a4 29. a3 Qa6 30. Red2 Nd7 31. Bg3 Rc4 32. f4 Nc5 33. Bh4 Bxh4 34. Qxh4 Ne4 35. Re2 Rxd4 36. Rde1 Rd3 37. Kh2 Rd2 38. Rxd2 Nxd2 39. Qf2 Ne4 40. Qd4 Rc8 41. Qb4 Qd3 42. Kh1 Qg3 43. Rf1 Nf2+ 44. Kg1 Nxh3+ 45. Kh1 Nf2+ 46. Kg1 Nh3+ 47. Kh1 Rc4 48. Qf8+ Kh7 49. Qxf7 Nxf4 50. Rxf4 Rxf4 0-1

[Event "FIDE WCC Blitz Women 2019"]
[Site "Moscow"]
[Date "2019.12.30"]
[Round "11.31"]
[White "Bivol, Alina"]
[Black "Assaubayeva, Bibisara"]
[Result "1-0"]
[WhiteElo "2186"]
[BlackElo "2323"]
[Annotator "NA"]
[PlyCount "97"]
[EventDate "2019.12.29"]
[EventType "swiss"]
[EventCountry "RUS"]
[SourceTitle "playchess.com"]
[Source "ChessBase"]
[SourceQuality "1"]

1. Nf3 d5 2. g3 c6 3. Bg2 Bg4 4. O-O Nd7 5. h3 Bxf3 6. Bxf3 e6 7. Bg2 Bd6 8. d3 Ngf6 9. e4 O-O 10. Nc3 Qc7 11. f4 dxe4 12. dxe4 e5 13. f5 Bb4 14. Qf3 Nc5 15. Re1 Qa5 16. Bd2 Rad8 17. Rad1 Qb6 18. Kh2 Bxc3 19. Bxc3 Rfe8 20. Rxd8 Qxd8 21. g4 Na4 22. Bb4 Qb6 23. Qa3 Qa6 24. Bf1 b5 25. b3 c5 26. Bxc5 Nxc5 27. Qxc5 Rc8 28. Qxe5 Rxc2+ 29. Re2 Rxe2+ 30. Bxe2 h6 31. a4 Qc6 32. Qxb5 Qxe4 33. Qd3 Qe5+ 34. Kg1 Ne4 35. Qe3 Qa1+ 36. Kg2 Nd6 37. Qd3 Qe5 38. Bf3 a5 39. Qd5 Qe7 40. Qxa5 f6 41. Qd5+ Kh7 42. a5 Nf7 43. a6 Ne5 44. Be4 Qa3 45. Bd3 Qa2+ 46. Kg3 Qd2 47. Bc4 Qe3+ 48. Kg2 Qc3 49. Qg8# 1-0

[Event "FIDE WCC Blitz Women 2019"]
[Site "Moscow"]
[Date "2019.12.30"]
[Round "11.32"]
[White "Bykova, Anastasia"]
[Black "Potapova, Margarita"]
[Result "1/2-1/2"]
[WhiteElo "2107"]
[BlackElo "2259"]
[Annotator "NA"]
[PlyCount "140"]
[EventDate "2019.12.29"]
[EventType "swiss"]
[EventCountry "RUS"]
[SourceTitle "playchess.com"]
[Source "ChessBase"]
[SourceQuality "1"]

1. d4 Nf6 2. c4 e6 3. Nf3 b6 4. g3 Bb7 5. Bg2 Be7 6. O-O O-O 7. Nc3 Ne4 8. Bd2 f5 9. Qc2 Bf6 10. Rfd1 a5 11. d5 Nxd2 12. Rxd2 Qe7 13. Nb5 Na6 14. d6 cxd6 15. Nxd6 Bc6 16. Rad1 Nc5 17. Qc1 a4 18. Qc2 Ne4 19. Nxe4 Bxe4 20. Qc1 Rfd8 21. Nd4 Bxg2 22. Kxg2 Rac8 23. Qc2 d5 24. Qxa4 Rxc4 25. Qb5 Rb4 26. Qa6 Bxd4 27. Rxd4 Rxb2 28. a4 Rb4 29. a5 bxa5 30. Qxa5 Rxd4 31. Rxd4 Qf6 32. Qb6 Re8 33. Rd2 h6 34. h3 Qe5 35. Qc6 Rf8 36. Kg1 Kh7 37. Rd3 f4 38. Rf3 Rf6 39. Qc2+ Kh8 40. g4 Qe4 41. Qc8+ Kh7 42. Qa6 Qb1+ 43. Kg2 Qe4 44. Qb5 Rg6 45. Kh2 Qe5 46. Qd3 Qe4 47. Qb5 Rf6 48. Kg2 Qe5 49. Qd3+ Qe4 50. Qb5 Qg6 51. Qb8 Qg5 52. Qb1+ Kh8 53. Qb8+ Kh7 54. Qb1+ Qg6 55. Qb8 Qe4 56. Qb5 e5 57. Kh2 d4 58. Qa6 Qg6 59. Qc4 Qg5 60. Qd3+ Qg6 61. Qxg6+ Kxg6 62. Rb3 Rc6 63. Rb5 Kf6 64. Kg2 g5 65. Kf3 Re6 66. Ke4 Re7 67. Rb6+ Re6 68. Rb7 Rd6 69. Rb5 Re6 70. Rb7 Rd6 1/2-1/2

[Event "FIDE WCC Blitz Women 2019"]
[Site "Moscow"]
[Date "2019.12.30"]
[Round "11.33"]
[White "Ambartsumova, Karina"]
[Black "Serikbay, Assel"]
[Result "1-0"]
[WhiteElo "2254"]
[BlackElo "2028"]
[Annotator "NA"]
[PlyCount "95"]
[EventDate "2019.12.29"]
[EventType "swiss"]
[EventCountry "RUS"]
[SourceTitle "playchess.com"]
[Source "ChessBase"]
[SourceQuality "1"]

1. Nf3 d5 2. c4 c6 3. e3 Nf6 4. Nc3 g6 5. d4 Bg7 6. Be2 O-O 7. O-O Nbd7 8. Qb3 dxc4 9. Bxc4 b5 10. Be2 a6 11. a4 Rb8 12. Rd1 Qc7 13. Bd2 e5 14. Rac1 e4 15. Ne1 b4 16. Nd5 Qd6 17. Nxf6+ Nxf6 18. Qc2 Bd7 19. Qc5 Qxc5 20. Rxc5 Nd5 21. Bxa6 Ra8 22. Bb7 Rxa4 23. Bxc6 Bxc6 24. Rxc6 Ra2 25. Rb1 b3 26. Rc5 Rd8 27. Rb5 f5 28. Rxb3 f4 29. Rb7 fxe3 30. Bxe3 Nxe3 31. fxe3 Bh6 32. Kf2 Rf8+ 33. Ke2 Rc8 34. h4 Bg7 35. Rd1 h6 36. Rd2 Rc1 37. Nc2 Rb1 38. Nb4 Raxb2 39. Rb8+ Kh7 40. Rxb2 Rxb2+ 41. Kf1 h5 42. Nc6 Rc2 43. d5 Bh6 44. Rb7+ Kg8 45. d6 Bxe3 46. d7 Rf2+ 47. Ke1 Rd2 48. d8=Q+ 1-0

[Event "FIDE WCC Blitz Women 2019"]
[Site "Moscow"]
[Date "2019.12.30"]
[Round "11.34"]
[White "Nurgali, Nazerke"]
[Black "Guseva, Marina"]
[Result "1-0"]
[WhiteElo "2075"]
[BlackElo "2245"]
[Annotator "NA"]
[PlyCount "83"]
[EventDate "2019.12.29"]
[EventType "swiss"]
[EventCountry "RUS"]
[SourceTitle "playchess.com"]
[Source "ChessBase"]
[SourceQuality "1"]

1. d4 Nf6 2. c4 e6 3. g3 c5 4. d5 exd5 5. cxd5 d6 6. Nc3 g6 7. Bg2 Bg7 8. Nf3 O-O 9. O-O Re8 10. Bf4 Bf5 11. Nd2 Nh5 12. e4 Nxf4 13. gxf4 Bd7 14. a4 Qf6 15. Qf3 Bh6 16. Nc4 Bxf4 17. e5 Bxe5 18. Qxf6 Bxf6 19. Nxd6 Rf8 20. Nxb7 Na6 21. d6 Rab8 22. Nb5 Bc8 23. Na5 Rb6 24. Nc4 Rb8 25. Rfd1 Be6 26. Na5 Bxb2 27. Rab1 Bf6 28. Nc6 Rb6 29. Ne7+ Kg7 30. Nxa7 Rxb1 31. Rxb1 Rd8 32. Rb6 Nb4 33. Nb5 c4 34. Nc6 Nxc6 35. Rxc6 Bd7 36. Rxc4 Bxb5 37. axb5 Rxd6 38. Bc6 Rd2 39. b6 Bd4 40. b7 Bxf2+ 41. Kf1 Be3 42. b8=Q 1-0

[Event "FIDE WCC Blitz Women 2019"]
[Site "Moscow"]
[Date "2019.12.30"]
[Round "11.35"]
[White "Nomin-Erdene, Davaademberel"]
[Black "Protopopova, Anastasiya"]
[Result "1-0"]
[WhiteElo "2298"]
[BlackElo "2084"]
[Annotator "NA"]
[PlyCount "85"]
[EventDate "2019.12.29"]
[EventType "swiss"]
[EventCountry "RUS"]
[SourceTitle "playchess.com"]
[Source "ChessBase"]
[SourceQuality "1"]

1. f4 d5 2. Nf3 g6 3. g3 Bg7 4. Bg2 Nf6 5. O-O O-O 6. d3 c5 7. c3 Nc6 8. Na3 d4 9. e4 e5 10. Nc4 Nd7 11. cxd4 cxd4 12. a4 Qc7 13. b3 a5 14. Ba3 Nb4 15. Rc1 Qb8 16. fxe5 Nxe5 17. Nfxe5 Bxe5 18. Bxb4 axb4 19. Nb6 Ra6 20. Nd5 Qd6 21. Qd2 Be6 22. Nc7 Rb6 23. Nb5 Qe7 24. Qb2 Rd8 25. Rc2 Rc6 26. Rfc1 Rxc2 27. Rxc2 f6 28. Rc1 Qf7 29. Rb1 Rc8 30. Bf1 Rc3 31. Nxc3 dxc3 32. Qc2 Bd4+ 33. Kh1 f5 34. Bg2 f4 35. gxf4 Qxf4 36. Rf1 Qh4 37. e5 Bxe5 38. Bxb7 Qd4 39. a5 Bd5+ 40. Bxd5+ Qxd5+ 41. Qg2 Qxb3 42. Qa8+ Kg7 43. Qf8# 1-0

[Event "FIDE WCC Blitz Women 2019"]
[Site "Moscow"]
[Date "2019.12.30"]
[Round "11.36"]
[White "Nilssen, Ellen Fredericia"]
[Black "Kulon, Klaudia"]
[Result "0-1"]
[WhiteElo "2162"]
[BlackElo "2457"]
[Annotator "ChessBase"]
[PlyCount "84"]
[EventDate "2019.12.29"]
[EventType "swiss"]
[EventCountry "RUS"]
[SourceTitle "playchess.com"]
[Source "ChessBase"]
[SourceQuality "1"]

1. d4 d5 2. c4 e6 3. Nc3 c6 4. cxd5 exd5 5. Nf3 Bd6 6. Bg5 Ne7 7. e3 f6 8. Bh4 Nf5 9. Bg3 Qe7 10. Bd3 Nxg3 11. hxg3 f5 12. Qc2 O-O 13. O-O-O b5 14. g4 b4 15. Na4 g6 16. gxf5 Bxf5 17. Kb1 Bxd3 18. Qxd3 Nd7 19. Rc1 Rac8 20. Ka1 Nf6 21. Ng5 Nh5 22. g4 Nf6 23. Nc5 Bxc5 24. dxc5 Kg7 25. Qd4 h6 26. Rxh6 Kxh6 27. Rh1+ Nh5 28. gxh5 Qxg5 29. f4 Qg2 30. Rd1 gxh5 31. Qe5 Rce8 32. Qd6+ Qg6 33. Qd7 Rxe3 34. Qxa7 Rxf4 35. Qc7 Rfe4 36. Qd8 Re8 37. Qh4 R3e6 38. Qd4 Qg4 39. Qd2+ Qg5 40. Qd4 Re1 41. a3 b3 42. a4 Qc1+ 0-1

[Event "FIDE WCC Blitz Women 2019"]
[Site "Moscow"]
[Date "2019.12.30"]
[Round "11.37"]
[White "Antova, Gabriela"]
[Black "Zatonskih, Anna"]
[Result "0-1"]
[WhiteElo "1965"]
[BlackElo "2374"]
[Annotator "NA"]
[PlyCount "158"]
[EventDate "2019.12.29"]
[EventType "swiss"]
[EventCountry "RUS"]
[SourceTitle "playchess.com"]
[Source "ChessBase"]
[SourceQuality "1"]

1. d4 d5 2. c4 e6 3. Nf3 Nf6 4. Nc3 Be7 5. Bf4 O-O 6. e3 b6 7. cxd5 Nxd5 8. Nxd5 exd5 9. Bd3 c5 10. dxc5 bxc5 11. O-O Nc6 12. Rc1 Be6 13. Qe2 h6 14. Rfd1 Qb6 15. b3 a5 16. Bb5 Rfd8 17. Ne5 Nxe5 18. Bxe5 Ra7 19. h3 Rb7 20. Ba6 Ra7 21. Bb5 Rda8 22. e4 dxe4 23. Bc4 Bxc4 24. Rxc4 f5 25. Qb2 Bf8 26. Rd5 Qe6 27. Qd2 a4 28. Bf4 axb3 29. axb3 Rb7 30. Re5 Qf7 31. Qc2 Ra1+ 32. Kh2 Bd6 33. Rcxc5 Bxc5 34. Qxc5 g6 35. Qc8+ Kh7 36. Re8 g5 37. Rh8+ Kg6 38. Rg8+ Kh7 39. Rh8+ Kg6 40. Be5 Qe7 41. Bxa1 Qd6+ 42. g3 Rf7 43. Rg8+ Kh5 44. Rd8 Qa3 45. Be5 Qa2 46. Qc5 Re7 47. Bf6 Rc7 48. Qe3 Rc2 49. Bd4 Re2 50. Qc1 Rxf2+ 51. Bxf2 Qxf2+ 52. Kh1 Qf3+ 53. Kg1 Qxg3+ 54. Kf1 Qxh3+ 55. Ke1 Qh1+ 56. Kd2 Qg2+ 57. Kc3 f4 58. Rh8 e3 59. Kb4 Qd2+ 60. Qxd2 exd2 61. Rd8 f3 62. Rxd2 g4 63. Rf2 Kh4 64. Kc3 Kg3 65. Rf1 Kg2 66. Ra1 f2 67. b4 f1=Q 68. Rxf1 Kxf1 69. b5 g3 70. b6 g2 71. b7 g1=Q 72. b8=Q Qe3+ 73. Kc2 Qe2+ 74. Kc3 h5 75. Qf4+ Kg2 76. Qg5+ Kh3 77. Kb3 h4 78. Ka3 Qf3+ 79. Ka2 Qg2+ 0-1

[Event "FIDE WCC Blitz Women 2019"]
[Site "Moscow"]
[Date "2019.12.30"]
[Round "11.38"]
[White "Danielian, Elina"]
[Black "Nazarova, Anastasia"]
[Result "0-1"]
[WhiteElo "2341"]
[BlackElo "2049"]
[Annotator "NA"]
[PlyCount "83"]
[EventDate "2019.12.29"]
[EventType "swiss"]
[EventCountry "RUS"]
[SourceTitle "playchess.com"]
[Source "ChessBase"]
[SourceQuality "1"]

1. Nf3 Nf6 2. c4 e6 3. e3 d5 4. Nc3 Be7 5. d4 O-O 6. a3 b6 7. Bd3 Bb7 8. O-O Nbd7 9. cxd5 exd5 10. Qc2 h6 11. Ne5 Nxe5 12. dxe5 Nd7 13. f4 Re8 14. Bd2 c5 15. Rad1 Rc8 16. Be1 Qc7 17. Bf5 d4 18. Ne4 Red8 19. Kh1 dxe3 20. Qe2 Rb8 21. Qxe3 Nf8 22. Bc3 Rxd1 23. Rxd1 Rd8 24. Re1 c4 25. Qg3 Kh8 26. h4 Rd3 27. Re3 Rxe3 28. Qxe3 b5 29. Qg3 Bxe4 30. Bxe4 Ne6 31. f5 Nc5 32. Bc2 Qd8 33. f6 gxf6 34. Qf4 Kg7 35. Qg4+ Kh8 36. Qf5 Nd3 37. exf6 Bd6 38. Qh5 Bf4 39. Qg4 Qf8 40. Bxd3 cxd3 41. Qxf4 Qd8 42. Qxh6+ 0-1

[Event "FIDE WCC Blitz Women 2019"]
[Site "Moscow"]
[Date "2019.12.30"]
[Round "11.39"]
[White "Tsogzolmaa, Nanjid"]
[Black "Pourkashiyan, Atousa"]
[Result "1-0"]
[WhiteElo "1775"]
[BlackElo "2327"]
[Annotator "NA"]
[PlyCount "115"]
[EventDate "2019.12.29"]
[EventType "swiss"]
[EventCountry "RUS"]
[SourceTitle "playchess.com"]
[Source "ChessBase"]
[SourceQuality "1"]

1. d4 Nf6 2. Nf3 d5 3. Bf4 e6 4. e3 c5 5. Nbd2 Nc6 6. c3 Bd6 7. Bg3 O-O 8. Bd3 Re8 9. Ne5 Ne7 10. f4 Nf5 11. Bf2 Nd7 12. O-O f6 13. Nef3 Nf8 14. Qc2 c4 15. Bxf5 exf5 16. Rfe1 Be6 17. b3 b5 18. Nh4 Qd7 19. Nhf3 cxb3 20. Nxb3 Rec8 21. Qd3 a5 22. Rab1 Rc4 23. Nbd2 b4 24. Nxc4 dxc4 25. Qc2 b3 26. Qd2 a4 27. d5 Bf7 28. e4 fxe4 29. Rxe4 Bg6 30. Ree1 Bxb1 31. Rxb1 Qf7 32. Qd4 Qc7 33. Nd2 Nd7 34. Qxc4 bxa2 35. Qxa2 Qxc3 36. Ne4 Qc7 37. h3 Kh8 38. Nxd6 Qxd6 39. Be3 a3 40. Rb3 h6 41. Rc3 Qb4 42. Bd2 Qd4+ 43. Kh2 Qf2 44. Rc7 Nb6 45. d6 Qd4 46. Rc6 Nd5 47. d7 Ne7 48. Rc3 Qxd7 49. Be3 Qd5 50. Rb3 Nc6 51. Rb8+ Rxb8 52. Qxd5 Nb4 53. Qb3 a2 54. Bd4 Rd8 55. Qxb4 Ra8 56. Ba1 Kh7 57. Qe4+ Kh8 58. Qxa8+ 1-0

[Event "FIDE WCC Blitz Women 2019"]
[Site "Moscow"]
[Date "2019.12.30"]
[Round "11.40"]
[White "Mamedjarova, Turkan"]
[Black "Enkhtuul, Altan-Ulzii"]
[Result "0-1"]
[WhiteElo "2273"]
[BlackElo "2149"]
[Annotator "NA"]
[PlyCount "94"]
[EventDate "2019.12.29"]
[EventType "swiss"]
[EventCountry "RUS"]
[SourceTitle "playchess.com"]
[Source "ChessBase"]
[SourceQuality "1"]

1. d4 c5 2. d5 g6 3. c4 Bg7 4. Nf3 Nf6 5. Nc3 d6 6. e4 O-O 7. Be2 b5 8. cxb5 a6 9. bxa6 Qa5 10. O-O Bxa6 11. Re1 Bxe2 12. Rxe2 Nfd7 13. Rc2 Na6 14. a3 Rfb8 15. h3 Nb4 16. Re2 Qa6 17. Bg5 Nd3 18. Bxe7 Nxb2 19. Qc2 Na4 20. e5 Nxc3 21. Qxc3 Qxe2 22. Re1 Qa2 23. Qe3 dxe5 24. Ng5 Qxd5 25. Rc1 Rb3 26. Qe2 Rbxa3 27. Rd1 Ra1 28. Rxa1 Rxa1+ 29. Kh2 h6 30. Ne4 f5 31. Nc3 Qe6 32. Bd8 Ra8 33. Bc7 e4 34. Nb5 Be5+ 35. Bxe5 Qxe5+ 36. g3 Kg7 37. Qd2 Nf6 38. Nc3 Ra3 39. Nb5 Rd3 40. Qa5 c4 41. Qa7+ Rd7 42. Qb6 c3 43. Qc6 c2 44. Na3 e3 45. Nc4 c1=Q 46. Nxe5 Qxc6 47. Nxc6 e2 0-1